Evaluación hidrotecnia del puente la Trinidad tramo, empalme la Trinidad - San Rafael del Sur.

Presenta la evaluación hidrotecnia del puente la Trinidad tramo, empalme la Trinidad - San Rafael del Sur, mediante le elaboración de un estudio hidrológico y aplicando el programa ArcGis 10.1, también se realizó un estudio hidráulico de la obra de cruce crecientes existentes y un estudio de...

Full description

Bibliographic Details
Main Authors: Acevedo Guevara, Jerson Manuel, Huembés, Víctor Alfonso
Other Authors: Tutor: Lanza Mejía, Nestor Javier
Format: Tesis Section = Libro
Language:Undetermined
Spanish
Published: Managua UNI 2015
Subjects:
LEADER 01228nam a2200289Ia 4500
008 240830s9999 xx 000 0 und d
040 |a BIBLIOTECA-RUPAP Mon 627.4 A174 
041 |a spa 
082 |a Mon 627.4 A174 
100 1 |a Acevedo Guevara, Jerson Manuel 
100 1 |b  Huembés, Víctor Alfonso 
245 1 0 |a Evaluación hidrotecnia del puente la Trinidad tramo, empalme la Trinidad - San Rafael del Sur. 
260 |a Managua  |b UNI  |c 2015 
300 |a 111 p. :il. 
500 |a Contiene: anexos e Incluye: CD. 
502 |a Tesis (Ingeniero Civil)- UNI, 2015. 
520 3 |a Presenta la evaluación hidrotecnia del puente la Trinidad tramo, empalme la Trinidad - San Rafael del Sur, mediante le elaboración de un estudio hidrológico y aplicando el programa ArcGis 10.1, también se realizó un estudio hidráulico de la obra de cruce crecientes existentes y un estudio de socavación general local en el puente. 
650 7 |a DISEÑO HIDRAULICO 
650 7 |b PUENTES DE CARRETERAS 
650 7 |c HIDROLOGIA 
650 7 |d HIDRAULICA DE PUENTES 
650 7 |e DRENAJE 
650 7 |f ANALISIS HDRAULICO 
700 1 |a Tutor:  |b Lanza Mejía, Nestor Javier 
942 |c BK  |2 ddc 
991 |a TESIS 
999 |c 16194